000 00331cam a22001097a 4500
008 180718b1995 xxu||||| |||| 00| 0 eng d
100 _aVohra, Bhushan Lal
245 _aUdhyog aur suraksha (Hindi)
_cby Bhushan Lal Vohra and Shishir Kumar Singh
260 _aNew Delhi
_bK.K.
_c1995
300 _a265p.
700 _aSingh, Shishir Kumar
999 _c405761
_d405761